00520nam a2200157Ia 450000500170000000800410001708200130005810000170007124500150008826000370010330000130014050000910015394200060024495200970025099900150034720250430033836.0240331s9999 xx 000 0 und d bRAHa891 aRahubadda, S 0aSura asura aColombobKosala Publishersc1986 a192 p ., aThis book id dedicated to the people who were burned in the flames of a civil struggle cL 001040708LaWERCLbWERCLcSSCd2024-03-31l0o 891.48 RAHp953r2024-03-31w2024-03-31yL c4914d4914